Advances in Library and Information Science (Record no. 42429)

MARC details
000 -LEADER
fixed length control field 00296nam a2200109Ia 4500
100 ## - MAIN ENTRY--AUTHOR NAME
Personal name Kothari, D V
245 #0 - TITLE STATEMENT
Title Advances in Library and Information Science
260 ## - PUBLICATION, DISTRIBUTION, ETC. (IMPRINT)
Place of publication Jodhpur
Name of publisher Scientific Publishers
Year of publication 2005
700 ## - ADDED ENTRY--PERSONAL NAME
Personal name Ojha, D C
942 ## - ADDED ENTRY ELEMENTS (KOHA)
Koha item type Books
Holdings
Withdrawn status Lost status Damaged status Not for loan Home library Current library Date acquired Accession Number Koha item type
        RRII Library RRII Library 16/12/2021 22701 Books